[Event "DEM U14 2009"]
[Site "Willingen GER"]
[Date "2009.05.31"]
[Round "1"]
[White "Sarchisov, Slavik"]
[Black "Möhn, Hans"]
[Result "1-0"]
[Termination "normal"]
[Board "1"]
[WhiteElo "2058"]
[BlackElo "1953"]
[PlyCount "149"]
[WhiteFideId "24647888"]
[BlackFideId "24647837"]
[EventCountry "GER"]
[EventRounds "9"]
[EventType "swiss"]
[EventDate "2009.05.30"]

1. e4 c5 2. Nf3 a6 3. c4 b6 4. Nc3 Bb7 5. d4 cxd4 6. Nxd4 Qc7 7. Bd3 e6 8. O-O
Nf6 9. Kh1 h5 10. f4 h4 11. h3 Bc5 12. Nb3 Bb4 13. Qe1 g5 14. a3 Be7 15. fxg5
Nh5 16. Ne2 Nc6 17. Be3 Ne5 18. Qc3 Rg8 19. Bd4 Nc6 20. Bg1 Ne5 21. Bh2 Rxg5
22. Nd2 Ng3+ 23. Bxg3 hxg3 24. Nf3 Nxf3 25. Qh8+ Bf8 26. Rxf3 Qe5 27. Qxe5 Rxe5
28. Rf4 Bh6 29. Rg4 Ke7 30. Nxg3 a5 31. a4 Bg5 32. Ne2 Bf6 33. Rf1 Rg5 34. Rxg5
Bxg5 35. b3 Bf6 36. Ng1 Rh8 37. Nf3 Rh5 38. Bb1 Be5 39. Kg1 f6 40. Kf2 Bc6 41.
Rd1 Bd6 42. Bc2 Bc7 43. Ke3 Bd6 44. Ke2 Bb7 45. Kf1 Bc7 46. Kf2 Bc6 47. h4 Bd6
48. g4 Rh8 49. h5 Bf4 50. Nh4 Rg8 51. Ng6+ Rxg6 52. hxg6 Kf8 53. Rh1 Kg7 54.
Bd3 Be5 55. Ke3 Kxg6 56. c5 bxc5 57. Bb5 Kg7 58. Bxc6 dxc6 59. Kd3 Kg8 60. Kc4
Bd4 61. Rd1 e5 62. Rf1 Kg7 63. Rf5 Kg6 64. Rh5 Kg7 65. Kd3 Bb2 66. Ke2 Bc3 67.
Kf3 Bd2 68. Kg3 Bf4+ 69. Kh4 Kf7 70. Rh8 Ke6 71. Ra8 Bd2 72. Rd8 Be3 73. Kh5
Ke7 74. Ra8 Bd2 75. Kg6 1-0

[Event "DEM U14 2009"]
[Site "Willingen GER"]
[Date "2009.05.31"]
[Round "1"]
[White "Kügel, Tobias"]
[Black "Mons, Leon"]
[Result "0-1"]
[Termination "normal"]
[Board "2"]
[WhiteElo "1918"]
[BlackElo "2134"]
[PlyCount "146"]
[WhiteFideId "4636295"]
[BlackFideId "4614950"]
[EventCountry "GER"]
[EventRounds "9"]
[EventType "swiss"]
[EventDate "2009.05.30"]

1. e4 g6 2. d4 Bg7 3. Nf3 d6 4. c4 Nf6 5. Nc3 O-O 6. h3 e5 7. dxe5 dxe5 8. Be3
Nbd7 9. Be2 h6 10. Qd2 Kh7 11. O-O-O Qe7 12. g4 Nc5 13. Nd5 Nxd5 14. Qxd5 Ne6
15. Qd2 b6 16. g5 h5 17. Rhg1 Bb7 18. Qc2 Nc5 19. Nd2 a5 20. f3 Bc6 21. Bxc5
Qxc5 22. Nb3 Qe3+ 23. Qd2 Qxd2+ 24. Rxd2 Rfd8 25. Kc2 Bf8 26. Rgd1 Be7 27. Rxd8
Rxd8 28. Rg1 Kg7 29. Bd3 h4 30. Nd2 Rh8 31. Nb1 Bd7 32. Bf1 Rh5 33. Nc3 Rxg5
34. Rxg5 Bxg5 35. Nd5 Bd8 36. Ne3 Kh6 37. Kd2 Bg5 38. Ke2 Bxe3 39. Kxe3 Kg5 40.
Bg2 Be6 41. Bf1 f6 42. b3 Bc8 43. Bg2 Bb7 44. Bf1 a4 45. Be2 axb3 46. axb3 Bc8
47. Bf1 c5 48. Bg2 Be6 49. Bf1 Bd7 50. Bg2 b5 51. Bf1 bxc4 52. bxc4 Be6 53. f4+
exf4+ 54. Kf3 Bd7 55. Bg2 Bc6 56. Bf1 f5 57. Bd3 fxe4+ 58. Bxe4 Bxe4+ 59. Kxe4
Kf6 60. Kxf4 g5+ 61. Ke4 Ke6 62. Kf3 Kf5 63. Ke3 Ke5 64. Kf3 Kd4 65. Kg4 Kxc4
66. Kxg5 Kd5 67. Kxh4 c4 68. Kg5 c3 69. h4 c2 70. h5 c1=Q+ 71. Kg6 Ke6 72. h6
Qg1+ 73. Kh7 Kf7 0-1

[Event "DEM U14 2009"]
[Site "Willingen GER"]
[Date "2009.05.31"]
[Round "1"]
[White "Kaphle, Sebastian"]
[Black "Davydov, Ruven"]
[Result "1/2-1/2"]
[Termination "normal"]
[Board "3"]
[WhiteElo "2120"]
[BlackElo "1914"]
[PlyCount "83"]
[WhiteFideId "24626708"]
[BlackFideId "24666068"]
[EventCountry "GER"]
[EventRounds "9"]
[EventType "swiss"]
[EventDate "2009.05.30"]

1. e4 e5 2. Bc4 Nf6 3. d3 Nc6 4. Nc3 Bb4 5. Nf3 O-O 6. O-O d6 7. Bg5 Bxc3 8.
bxc3 Bg4 9. h3 Bh5 10. g4 Bg6 11. Nh4 Na5 12. Nxg6 hxg6 13. Bb3 Nxb3 14. axb3
Qd7 15. Bxf6 gxf6 16. Qf3 Kg7 17. Qe3 Rh8 18. f4 a6 19. Rf3 Rae8 20. Raf1 Rhf8
21. fxe5 fxe5 22. g5 d5 23. Qf2 dxe4 24. dxe4 Re7 25. Kg2 Qc6 26. Qh4 Rh8 27.
Qg4 a5 28. Rd3 Re6 29. c4 a4 30. Qf3 Rf8 31. h4 b5 32. cxb5 Qxb5 33. bxa4 Qxa4
34. Rf2 Qc6 35. Rd5 Qa4 36. Rxe5 Rxe5 37. Qf6+ Kg8 38. Qxe5 Re8 39. Qxc7 Qxe4+
40. Kg3 Qe3+ 41. Kg2 Qe4+ 42. Kg3 1/2-1/2

[Event "DEM U14 2009"]
[Site "Willingen GER"]
[Date "2009.05.31"]
[Round "1"]
[White "Kyas, Philipp"]
[Black "Schreiner, Till"]
[Result "1-0"]
[Termination "normal"]
[Board "4"]
[WhiteElo "1921"]
[BlackElo "2082"]
[PlyCount "55"]
[WhiteFideId "24670936"]
[BlackFideId "24675555"]
[EventCountry "GER"]
[EventRounds "9"]
[EventType "swiss"]
[EventDate "2009.05.30"]

1. d4 Nf6 2. c4 g6 3. Nc3 Bg7 4. Nf3 O-O 5. Bg5 d6 6. e3 Nbd7 7. Be2 e5 8. dxe5
dxe5 9. Qc2 c6 10. O-O Qe7 11. a3 h6 12. Bh4 g5 13. Bg3 Ne8 14. Nd2 f5 15. f3
Ndf6 16. b4 h5 17. c5 h4 18. Bf2 Nh5 19. g4 hxg3 20. hxg3 Bh6 21. g4 Nhg7 22.
Kg2 Ne6 23. Rh1 Kg7 24. gxf5 Rxf5 25. Bd3 Rf6 26. Nce4 Rf8 27. Ng3 N8c7 28.
Rxh6 1-0

[Event "DEM U14 2009"]
[Site "Willingen GER"]
[Date "2009.05.31"]
[Round "1"]
[White "Friedrich, Wiede"]
[Black "Marquardt, Patrick"]
[Result "1-0"]
[Termination "normal"]
[Board "5"]
[WhiteElo "2028"]
[BlackElo "1986"]
[PlyCount "81"]
[WhiteFideId "24629537"]
[BlackFideId "4670086"]
[EventCountry "GER"]
[EventRounds "9"]
[EventType "swiss"]
[EventDate "2009.05.30"]

1. e4 c5 2. Nf3 e6 3. d4 cxd4 4. Nxd4 a6 5. Be3 Nf6 6. Nc3 Bb4 7. Bd3 Qc7 8.
O-O Bxc3 9. bxc3 d5 10. exd5 Nxd5 11. Qg4 Kf8 12. c4 Nf6 13. Qh4 b6 14. Bf4 e5
15. Bg3 Nbd7 16. Nf5 h6 17. f4 e4 18. Bxe4 Nxe4 19. Qe7+ Kg8 20. Qxe4 Bb7 21.
Ne7+ Kf8 22. Nd5 Bxd5 23. cxd5 Rc8 24. Rac1 Nf6 25. Qd3 Qc4 26. d6 Qxd3 27.
cxd3 Rd8 28. Rc6 Nd5 29. Re1 f6 30. Bf2 b5 31. Rxa6 Kf7 32. f5 Rhe8 33. Ra7+
Kf8 34. Rxe8+ Kxe8 35. Bc5 Rd7 36. Ra8+ Rd8 37. Ra5 Nf4 38. d4 Ne2+ 39. Kf2 Nc3
40. Ke3 b4 41. Bxb4 1-0

[Event "DEM U14 2009"]
[Site "Willingen GER"]
[Date "2009.05.31"]
[Round "1"]
[White "Grewenig, Jan"]
[Black "Hampel, Felix"]
[Result "0-1"]
[Termination "normal"]
[Board "6"]
[WhiteElo "1882"]
[BlackElo "1976"]
[PlyCount "62"]
[WhiteFideId "4657330"]
[BlackFideId "24668125"]
[EventCountry "GER"]
[EventRounds "9"]
[EventType "swiss"]
[EventDate "2009.05.30"]

1. e4 c5 2. Nf3 Nc6 3. d4 cxd4 4. Nxd4 Nf6 5. Nc3 e5 6. Ndb5 d6 7. Nd5 Nxd5 8.
exd5 Nb8 9. c4 Be7 10. Be2 O-O 11. O-O a6 12. Nc3 f5 13. f4 e4 14. Be3 Nd7 15.
Qd2 Nf6 16. Rad1 Bd7 17. b3 Qe8 18. c5 Qg6 19. Bc4 Kh8 20. h3 Rfc8 21. b4 dxc5
22. d6 cxb4 23. Nd5 Bd8 24. Bb3 a5 25. Ne7 Bxe7 26. dxe7 Qe8 27. Bd4 Bb5 28.
Bxf6 gxf6 29. Qd6 Ra6 30. Qd8 Bd3 31. Rxd3 exd3 0-1

[Event "DEM U14 2009"]
[Site "Willingen GER"]
[Date "2009.05.31"]
[Round "1"]
[White "Klek, Hanna Marie"]
[Black "Collmer, Dominik"]
[Result "1-0"]
[Termination "normal"]
[Board "7"]
[WhiteElo "1992"]
[BlackElo "1734"]
[PlyCount "41"]
[WhiteFideId "24670057"]
[BlackFideId "4620763"]
[EventCountry "GER"]
[EventRounds "9"]
[EventType "swiss"]
[EventDate "2009.05.30"]

1. e4 c5 2. Nf3 Nc6 3. d4 cxd4 4. Nxd4 Nf6 5. Nc3 d6 6. Bg5 e6 7. Qd2 a6 8. f3
Be7 9. O-O-O Ne5 10. f4 Ned7 11. Bd3 O-O 12. Rhe1 e5 13. Nf5 Nc5 14. Nxe7+ Qxe7
15. Nd5 Qd8 16. Rf1 Ncxe4 17. Nxf6+ Qxf6 18. Bxe4 Qe6 19. Bd5 Qe8 20. f5 Rb8
21. f6 1-0

[Event "DEM U14 2009"]
[Site "Willingen GER"]
[Date "2009.05.31"]
[Round "1"]
[White "Carow, Johannes"]
[Black "Göbel, Constantin"]
[Result "1-0"]
[Termination "normal"]
[Board "8"]
[WhiteElo "1805"]
[BlackElo "1885"]
[PlyCount "97"]
[WhiteFideId "24692050"]
[BlackFideId "24647071"]
[EventCountry "GER"]
[EventRounds "9"]
[EventType "swiss"]
[EventDate "2009.05.30"]

1. d4 d5 2. c4 e6 3. Nc3 Nf6 4. cxd5 exd5 5. Bg5 c6 6. e3 Qb6 7. Qc2 Ne4 8. Bf4
Qa5 9. f3 Nf6 10. e4 dxe4 11. fxe4 Na6 12. Nf3 Nb4 13. Qb1 Be7 14. a3 Na6 15.
Bd3 Bg4 16. b4 Qd8 17. Ne2 Nc7 18. O-O Ne6 19. Be3 Bh5 20. Qb2 Bg6 21. Ng3 Ng4
22. Bd2 Bf6 23. Bc3 Nf4 24. Bb1 Ne3 25. Rc1 Nexg2 26. Bd2 Nh4 27. Kf2 Nh3+ 28.
Ke2 Nxf3 29. Kxf3 Bxd4 30. Bc3 Qf6+ 31. Nf5 Bh5+ 32. Kg2 Nf4+ 33. Kf1 Bxc3 34.
Rxc3 g6 35. e5 Qd8 36. Nd6+ Ke7 37. Ba2 Qb6 38. Rc5 Nd3 39. Qb3 Nxc5 40. Qxf7+
Kd8 41. bxc5 Qb2 42. Qf6+ Kc7 43. Qg7+ Kb8 44. Qxh8+ Kc7 45. Qxh7+ Kb8 46. Qg8+
Kc7 47. Qf7+ Kb8 48. Qe8+ Kc7 49. Qe7+ 1-0

[Event "DEM U14 2009"]
[Site "Willingen GER"]
[Date "2009.05.31"]
[Round "1"]
[White "Pauly, Carlo"]
[Black "Rührmund, Daniel"]
[Result "0-1"]
[Termination "normal"]
[Board "9"]
[WhiteElo "2025"]
[BlackElo "1879"]
[PlyCount "80"]
[WhiteFideId "24673269"]
[BlackFideId "24674583"]
[EventCountry "GER"]
[EventRounds "9"]
[EventType "swiss"]
[EventDate "2009.05.30"]

1. d4 Nf6 2. c4 c5 3. d5 e6 4. Nc3 exd5 5. cxd5 d6 6. e4 g6 7. f4 Bg7 8. Bb5+
Nfd7 9. a4 a6 10. Bd3 O-O 11. Nf3 Re8 12. O-O Qc7 13. Nd2 Nf6 14. Nc4 Nbd7 15.
Re1 Nb6 16. Qf3 Nxc4 17. Bxc4 Bg4 18. Qd3 Bd7 19. Bd2 Ng4 20. Nd1 Bd4+ 21. Kh1
Bxb2 22. Ra2 Bd4 23. Bc3 Bxc3 24. Nxc3 b5 25. h3 bxc4 26. Qxc4 Nf6 27. Rae2 Nh5
28. Rf2 Kh8 29. g4 Ng7 30. f5 gxf5 31. gxf5 f6 32. Ne2 Nh5 33. Nd4 Qa5 34. Nf3
Qxa4 35. Qc1 Rg8 36. Qh6 Be8 37. Nh4 Qd7 38. Rf3 Qg7 39. Qe3 Qg5 40. Qf2 Ng3+
0-1

[Event "DEM U14 2009"]
[Site "Willingen GER"]
[Date "2009.05.31"]
[Round "1"]
[White "Powierski, Emil"]
[Black "Neumair, Jerome"]
[Result "1-0"]
[Termination "normal"]
[Board "10"]
[WhiteElo "1857"]
[BlackElo "1988"]
[PlyCount "107"]
[WhiteFideId "4656199"]
[BlackFideId "24672637"]
[EventCountry "GER"]
[EventRounds "9"]
[EventType "swiss"]
[EventDate "2009.05.30"]

1. e4 e6 2. d4 d5 3. Nd2 Nc6 4. Ngf3 Nf6 5. e5 Nd7 6. c3 f6 7. exf6 Qxf6 8. Be2
e5 9. dxe5 Ndxe5 10. O-O Be6 11. Nxe5 Nxe5 12. Nf3 O-O-O 13. Be3 c5 14. Qa4
Nxf3+ 15. Bxf3 Kb8 16. b4 Be7 17. Qa5 b6 18. Qa6 Bc8 19. Qb5 cxb4 20. cxb4 Bb7
21. Rfc1 Bd6 22. a4 Qh4 23. g3 Qxb4 24. Qd3 Qa5 25. Bd2 Bb4 26. Bxb4 Qxb4 27.
a5 Rhf8 28. axb6 axb6 29. Rab1 Qd6 30. Bg2 h5 31. Qd4 Rf6 32. Rb2 Qe6 33. Ra1
Rd6 34. Qa4 Rc6 35. Rd2 Rc5 36. Qa7+ Kc7 37. Qa2 Qf7 38. Rad1 Rd6 39. Re1 Re6
40. Red1 Rd6 41. Re1 Ra5 42. Qc2+ Kb8 43. Rde2 Rd7 44. Qb2 Ka7 45. Re6 Ra6 46.
Bf1 b5 47. Qd4+ Kb8 48. Re8+ Kc7 49. Bxb5 Rc6 50. Bxc6 Bxc6 51. Qa7+ Kd6 52.
Qb8+ Rc7 53. R8e6+ Kd7 54. Re7+ 1-0

[Event "DEM U14 2009"]
[Site "Willingen GER"]
[Date "2009.05.31"]
[Round "1"]
[White "Mundorf, Johannes"]
[Black "Gubela, Hans-Erich Constantin"]
[Result "1/2-1/2"]
[Termination "normal"]
[Board "11"]
[WhiteElo "1688"]
[BlackElo "1736"]
[PlyCount "50"]
[WhiteFideId "24672491"]
[BlackFideId "24692140"]
[EventCountry "GER"]
[EventRounds "9"]
[EventType "swiss"]
[EventDate "2009.05.30"]

1. d4 d5 2. Nf3 e6 3. c4 dxc4 4. e3 c5 5. Bxc4 a6 6. a4 Nf6 7. Nc3 Nc6 8. O-O
cxd4 9. exd4 Bb4 10. Bg5 Be7 11. Re1 O-O 12. Rc1 Qa5 13. Ne5 Nb4 14. Ne4 Nbd5
15. Bxd5 Nxd5 16. Bxe7 Nxe7 17. Nd6 Qd5 18. Ndc4 Qd8 19. a5 Nd5 20. Qd2 Bd7 21.
Nxd7 Qxd7 22. Ne5 Qa4 23. Rc4 Qb5 24. Rec1 Rfd8 25. Nf3 h6 1/2-1/2

[Event "DEM U14 2009"]
[Site "Willingen GER"]
[Date "2009.05.31"]
[Round "1"]
[White "Pältz, Sebastian"]
[Black "Moritz, Aron"]
[Result "1-0"]
[Termination "normal"]
[Board "12"]
[WhiteElo "1830"]
[BlackElo "1983"]
[PlyCount "77"]
[WhiteFideId "24648027"]
[BlackFideId "24672319"]
[EventCountry "GER"]
[EventRounds "9"]
[EventType "swiss"]
[EventDate "2009.05.30"]

1. e4 c5 2. c3 Nf6 3. e5 Nd5 4. d4 cxd4 5. Nf3 Nc6 6. cxd4 d6 7. Bc4 Nb6 8. Bb5
dxe5 9. Nxe5 Bd7 10. Bxc6 Bxc6 11. Nxc6 bxc6 12. O-O e6 13. Qf3 Qd7 14. Rd1 Rd8
15. Nc3 Be7 16. Qg3 O-O 17. Bh6 Bf6 18. Ne4 Qe7 19. Nxf6+ Qxf6 20. Bg5 Qg6 21.
Bxd8 Qxg3 22. hxg3 Rxd8 23. Rac1 Rd6 24. Kf1 g6 25. Ke2 Kg7 26. b3 Kf8 27. Rc5
Ke7 28. g4 Nd5 29. Rh1 h5 30. gxh5 Nf4+ 31. Ke3 Nxh5 32. Rhc1 Nf6 33. Rxc6 Ng4+
34. Ke2 Rxd4 35. R6c4 Rxc4 36. Rxc4 Ne5 37. Rc7+ Kd6 38. Rxa7 Kc6 39. f4 1-0

[Event "DEM U14 2009"]
[Site "Willingen GER"]
[Date "2009.05.31"]
[Round "1"]
[White "Miller, Eduard"]
[Black "Stövesand, Peter"]
[Result "1-0"]
[Termination "normal"]
[Board "13"]
[WhiteElo "1783"]
[BlackElo "1687"]
[PlyCount "67"]
[WhiteFideId "24687022"]
[BlackFideId "1270624"]
[EventCountry "GER"]
[EventRounds "9"]
[EventType "swiss"]
[EventDate "2009.05.30"]

1. e4 e5 2. Nf3 Nc6 3. Bc4 Bc5 4. b4 Bxb4 5. c3 Ba5 6. d4 exd4 7. Qb3 Qe7 8.
O-O d6 9. cxd4 Bb6 10. Bb5 Bd7 11. Bb2 Nf6 12. Nbd2 O-O 13. e5 Nh5 14. exd6
cxd6 15. Rfe1 Qd8 16. Qd5 Nf6 17. Qxd6 Qc7 18. Nc4 Be6 19. Qxc7 Bxc7 20. Ba3
Rfd8 21. Bxc6 bxc6 22. Nce5 Bd5 23. Rac1 Bxe5 24. Nxe5 Re8 25. Re3 Re6 26. Rec3
Ne4 27. R3c2 Rc8 28. f3 Nf6 29. Rc5 Bxa2 30. Nxc6 Rc7 31. Ne5 Rxc5 32. Rxc5 g6
33. Rc7 a6 34. Nxf7 1-0

[Event "DEM U14 2009"]
[Site "Willingen GER"]
[Date "2009.05.31"]
[Round "1"]
[White "Stenzel, Jan"]
[Black "Müller, Alexander"]
[Result "1-0"]
[Termination "normal"]
[Board "14"]
[WhiteElo "1677"]
[BlackElo "1961"]
[PlyCount "49"]
[WhiteFideId "12900052"]
[BlackFideId "4624696"]
[EventCountry "GER"]
[EventRounds "9"]
[EventType "swiss"]
[EventDate "2009.05.30"]

1. e4 c5 2. c3 Nf6 3. e5 Nd5 4. d4 e6 5. Bc4 Nb6 6. Bb3 cxd4 7. cxd4 Nc6 8. Nf3
d6 9. Qe2 Qc7 10. O-O dxe5 11. dxe5 Bd7 12. Nc3 a6 13. Rd1 Bb4 14. Bd2 O-O 15.
Rac1 Bxc3 16. Rxc3 Nc8 17. Bg5 b5 18. Qd3 Nb6 19. Be7 Rfe8 20. Bd6 Qb7 21. Ng5
g6 22. Qh3 h5 23. Qf3 Nd8 24. Ne4 Kg7 25. Rc7 1-0

[Event "DEM U14 2009"]
[Site "Willingen GER"]
[Date "2009.05.31"]
[Round "2"]
[White "Kyas, Philipp"]
[Black "Sarchisov, Slavik"]
[Result "1/2-1/2"]
[Termination "normal"]
[Board "1"]
[WhiteElo "1921"]
[BlackElo "2058"]
[PlyCount "74"]
[WhiteFideId "24670936"]
[BlackFideId "24647888"]
[EventCountry "GER"]
[EventRounds "9"]
[EventType "swiss"]
[EventDate "2009.05.30"]

1. d4 Nf6 2. c4 e6 3. Nc3 Bb4 4. Qc2 O-O 5. Nf3 b6 6. Bg5 Bb7 7. e3 h6 8. Bh4
c5 9. a3 Bxc3+ 10. Qxc3 g5 11. Bg3 Ne4 12. Qc2 f5 13. Bd3 Qf6 14. Be5 Qe7 15.
dxc5 g4 16. Bxe4 Bxe4 17. Qd1 gxf3 18. gxf3 Bc6 19. Rg1+ Kh7 20. Rg7+ Qxg7 21.
Bxg7 Kxg7 22. Qd4+ Kf7 23. cxb6 axb6 24. Ke2 b5 25. Qh4 Na6 26. Qh5+ Ke7 27.
Qxh6 Rg8 28. Qh4+ Kf7 29. Qd4 bxc4 30. h4 Rab8 31. h5 c3 32. bxc3 Rb2+ 33. Kf1
Bxf3 34. Qxd7+ Kf6 35. Qd4+ Kf7 36. Qd7+ Kf6 37. Qd4+ Kf7 1/2-1/2

[Event "DEM U14 2009"]
[Site "Willingen GER"]
[Date "2009.05.31"]
[Round "2"]
[White "Mons, Leon"]
[Black "Carow, Johannes"]
[Result "1-0"]
[Termination "normal"]
[Board "2"]
[WhiteElo "2134"]
[BlackElo "1805"]
[PlyCount "113"]
[WhiteFideId "4614950"]
[BlackFideId "24692050"]
[EventCountry "GER"]
[EventRounds "9"]
[EventType "swiss"]
[EventDate "2009.05.30"]

1. e4 c5 2. Nf3 Nc6 3. d4 cxd4 4. Nxd4 Nf6 5. Nc3 e5 6. Ndb5 d6 7. Bg5 a6 8.
Na3 b5 9. Nd5 Be7 10. Bxf6 Bxf6 11. c4 b4 12. Nc2 a5 13. Be2 O-O 14. O-O Bg5
15. Qd3 Rb8 16. Rad1 g6 17. Bf3 Be6 18. b3 Kh8 19. Qe2 Qc8 20. Nde3 Be7 21. Rd3
Qa6 22. Qd2 f5 23. Rxd6 Bxd6 24. Qxd6 Qc8 25. exf5 Bd7 26. fxg6 Qe8 27. Rd1 Rd8
28. Be4 hxg6 29. Bxg6 Qe6 30. Be4 Nd4 31. Qxe6 Bxe6 32. Nxd4 Rxd4 33. Rxd4 exd4
34. Nc2 Rd8 35. Bd3 Kg7 36. Kf1 Kf6 37. Ke2 Ke5 38. Ne1 Bg4+ 39. f3 Bh5 40. Be4
Kf6 41. Kd3 Bg6 42. Bxg6 Kxg6 43. Nc2 Rh8 44. h3 Kf6 45. Nxd4 Rg8 46. g4 Rh8
47. c5 Rxh3 48. Kc4 Rh2 49. g5+ Ke7 50. Kb5 Rxa2 51. Kb6 a4 52. c6 axb3 53. c7
b2 54. c8=Q b1=Q 55. Nf5+ Kf7 56. Qd7+ Kg6 57. Qg7+ 1-0

[Event "DEM U14 2009"]
[Site "Willingen GER"]
[Date "2009.05.31"]
[Round "2"]
[White "Rührmund, Daniel"]
[Black "Friedrich, Wiede"]
[Result "0-1"]
[Termination "normal"]
[Board "3"]
[WhiteElo "1879"]
[BlackElo "2028"]
[PlyCount "80"]
[WhiteFideId "24674583"]
[BlackFideId "24629537"]
[EventCountry "GER"]
[EventRounds "9"]
[EventType "swiss"]
[EventDate "2009.05.30"]

1. e4 e5 2. Nf3 Nc6 3. Bb5 a6 4. Ba4 Nf6 5. O-O b5 6. Bb3 d6 7. Re1 Be7 8. c3
O-O 9. d4 Bg4 10. d5 Na5 11. Bc2 Bc8 12. Nbd2 Nd7 13. Nf1 Nb6 14. Ng3 c5 15. b3
Nb7 16. Bd2 a5 17. a3 a4 18. b4 cxb4 19. cxb4 Nc4 20. Bc3 Bd7 21. Bd3 Rc8 22.
Qe2 g6 23. Nd2 f5 24. Bxc4 f4 25. Nh1 bxc4 26. f3 Qe8 27. Nf2 Bd8 28. Red1 Bb6
29. Nf1 Nd8 30. Kh1 Nf7 31. Ng4 Ng5 32. h4 Bxg4 33. fxg4 f3 34. gxf3 Nxf3 35.
Ng3 Qe7 36. g5 Qd7 37. Nf5 gxf5 38. Qxf3 fxe4 39. Qg2 Rf2 40. Qg3 Rf3 0-1

[Event "DEM U14 2009"]
[Site "Willingen GER"]
[Date "2009.05.31"]
[Round "2"]
[White "Hampel, Felix"]
[Black "Powierski, Emil"]
[Result "0-1"]
[Termination "normal"]
[Board "4"]
[WhiteElo "1976"]
[BlackElo "1857"]
[PlyCount "76"]
[WhiteFideId "24668125"]
[BlackFideId "4656199"]
[EventCountry "GER"]
[EventRounds "9"]
[EventType "swiss"]
[EventDate "2009.05.30"]

1. d4 Nf6 2. Bg5 e6 3. Nf3 b6 4. Nbd2 Bb7 5. e3 d6 6. Bd3 Nbd7 7. O-O Be7 8. e4
O-O 9. Qe2 c5 10. e5 Nd5 11. Qe4 g6 12. Bxe7 Qxe7 13. c4 Nb4 14. Qxb7 Nxd3 15.
Ne4 Rfd8 16. exd6 Qf8 17. b3 cxd4 18. Qc6 N3c5 19. Nxc5 Nxc5 20. Rad1 Rxd6 21.
Qb5 Rad8 22. Qb4 f6 23. Qe1 e5 24. Nd2 Qe7 25. f4 e4 26. b4 Na4 27. Qxe4 Re6
28. Qf3 Nc3 29. Ra1 Re2 30. Nb3 d3 31. Rfc1 Nxa2 32. Rd1 Nxb4 33. Rac1 d2 34.
Rc3 Re1+ 35. Kf2 Rxd1 36. Qxd1 Nd3+ 37. Kf3 Nb2 38. Re3 Qxe3+ 0-1

[Event "DEM U14 2009"]
[Site "Willingen GER"]
[Date "2009.05.31"]
[Round "2"]
[White "Pältz, Sebastian"]
[Black "Klek, Hanna Marie"]
[Result "0-1"]
[Termination "normal"]
[Board "5"]
[WhiteElo "1830"]
[BlackElo "1992"]
[PlyCount "98"]
[WhiteFideId "24648027"]
[BlackFideId "24670057"]
[EventCountry "GER"]
[EventRounds "9"]
[EventType "swiss"]
[EventDate "2009.05.30"]

1. e4 c5 2. c3 Nf6 3. e5 Nd5 4. d4 cxd4 5. Nf3 Nc6 6. cxd4 d6 7. Bc4 Nb6 8. Bb5
dxe5 9. Nxe5 Bd7 10. Bxc6 Bxc6 11. Nxc6 bxc6 12. O-O e6 13. Qf3 Nd5 14. Nc3 Qb6
15. Rd1 Be7 16. b3 O-O 17. Nxd5 cxd5 18. Bb2 a5 19. a4 Rab8 20. Rd3 Rfc8 21.
Rc1 Bf6 22. Rxc8+ Rxc8 23. Rc3 Rb8 24. Rd3 h6 25. h3 Qa7 26. Qd1 Be7 27. Rc3
Rb7 28. Qc2 g6 29. Qd1 Kh7 30. Rc6 Qb8 31. Rc3 Kg7 32. Qc2 Bb4 33. Rc8 Qd6 34.
Bc1 Kh7 35. g3 Qd7 36. Bf4 Bd6 37. Bxd6 Qxd6 38. Ra8 Rc7 39. Qd2 Qb6 40. Qxa5
Rc1+ 41. Kh2 Qxd4 42. Qa7 Qf6 43. Qe3 Rc3 44. Qe1 Rxb3 45. a5 Qf3 46. Rd8 Ra3
47. Rd6 Ra2 48. Kg1 Re2 49. Qf1 Rd2 0-1

[Event "DEM U14 2009"]
[Site "Willingen GER"]
[Date "2009.05.31"]
[Round "2"]
[White "Stenzel, Jan"]
[Black "Miller, Eduard"]
[Result "0-1"]
[Termination "normal"]
[Board "6"]
[WhiteElo "1677"]
[BlackElo "1783"]
[PlyCount "146"]
[WhiteFideId "12900052"]
[BlackFideId "24687022"]
[EventCountry "GER"]
[EventRounds "9"]
[EventType "swiss"]
[EventDate "2009.05.30"]

1. e4 c5 2. Nf3 d6 3. Bc4 Nf6 4. d3 g6 5. O-O Bg7 6. c3 O-O 7. Bb3 Nc6 8. Bg5
b6 9. Qd2 Bb7 10. Bh6 Na5 11. Bc2 c4 12. Bxg7 Kxg7 13. dxc4 Bxe4 14. Bxe4 Nxe4
15. Qd4+ Nf6 16. Nbd2 Qc7 17. b3 Rac8 18. Rac1 h6 19. Rfe1 e5 20. Qh4 Nh7 21.
Qe4 f5 22. Qe2 g5 23. Nf1 g4 24. N3d2 h5 25. f3 Nf6 26. Ne3 Qd7 27. Nd5 Nxd5
28. cxd5 Qf7 29. c4 Qg6 30. c5 dxc5 31. Qxe5+ Qf6 32. Qxf6+ Rxf6 33. fxg4 hxg4
34. Nc4 Nxc4 35. bxc4 Rc7 36. Re5 Rd7 37. Rce1 Kg6 38. Re6 Rd6 39. Rxd6 Rxd6
40. Kf2 f4 41. Re7 a6 42. Rc7 Kf5 43. Rf7+ Ke4 44. g3 fxg3+ 45. hxg3 Kd3 46.
Rf4 b5 47. cxb5 axb5 48. Rxg4 Rxd5 49. Rf4 Kd2 50. Re4 Rf5+ 51. Rf4 Re5 52. g4
c4 53. Rf5 Re2+ 54. Kf3 Re3+ 55. Kf2 c3 56. Rxb5 c2 57. Rb2 Re8 58. Kf3 Kd3 59.
Rb3+ Kd4 60. Rb4+ Kd5 61. Rb5+ Kc6 62. Rf5 c1=Q 63. Kg3 Qe3+ 64. Kh4 Rh8+ 65.
Rh5 Rxh5+ 66. Kxh5 Qe2 67. Kg5 Qxa2 68. Kf6 Qf2+ 69. Kg5 Kd6 70. Kg6 Ke6 71. g5
Qf7+ 72. Kh6 Qg8 73. g6 Kf6 0-1

[Event "DEM U14 2009"]
[Site "Willingen GER"]
[Date "2009.05.31"]
[Round "2"]
[White "Gubela, Hans-Erich Constantin"]
[Black "Kaphle, Sebastian"]
[Result "0-1"]
[Termination "normal"]
[Board "7"]
[WhiteElo "1736"]
[BlackElo "2120"]
[PlyCount "38"]
[WhiteFideId "24692140"]
[BlackFideId "24626708"]
[EventCountry "GER"]
[EventRounds "9"]
[EventType "swiss"]
[EventDate "2009.05.30"]

1. e4 c5 2. Nf3 Nc6 3. d4 cxd4 4. Nxd4 Nf6 5. Nc3 e6 6. Ndb5 Bb4 7. a3 Bxc3+ 8.
Nxc3 d5 9. exd5 exd5 10. Bd3 O-O 11. O-O d4 12. Ne2 Bg4 13. h3 Bh5 14. Bg5 Re8
15. Qd2 Bxe2 16. Bxe2 Ne4 17. Bxd8 Nxd2 18. Rfe1 Raxd8 19. Bd3 Ne5 0-1

[Event "DEM U14 2009"]
[Site "Willingen GER"]
[Date "2009.05.31"]
[Round "2"]
[White "Schreiner, Till"]
[Black "Möhn, Hans"]
[Result "1/2-1/2"]
[Termination "normal"]
[Board "9"]
[WhiteElo "2082"]
[BlackElo "1953"]
[PlyCount "77"]
[WhiteFideId "24675555"]
[BlackFideId "24647837"]
[EventCountry "GER"]
[EventRounds "9"]
[EventType "swiss"]
[EventDate "2009.05.30"]

1. d4 Nf6 2. c4 g6 3. Nc3 Bg7 4. e4 d6 5. f3 O-O 6. Be3 a6 7. Qd2 Nbd7 8. Nh3
c5 9. Nf2 Qa5 10. Be2 cxd4 11. Bxd4 Ne5 12. O-O Be6 13. Rfd1 Nxc4 14. Bxc4 Bxc4
15. Nd5 Qxd2 16. Nxe7+ Kh8 17. Rxd2 Rfe8 18. Rc2 Rxe7 19. Rxc4 d5 20. exd5 Nxd5
21. Rac1 Bxd4 22. Rxd4 Rae8 23. Ne4 Nf4 24. Rc2 f5 25. Nd6 Ne2+ 26. Rxe2 Rxe2
27. Nxe8 Rxe8 28. Rd7 Re1+ 29. Kf2 Ra1 30. Rxb7 Rxa2 31. Ke3 a5 32. Kf4 Ra4+
33. Ke5 Rc4 34. Kf6 Rc6+ 35. Kf7 h6 36. g4 fxg4 37. fxg4 g5 38. Ra7 Rb6 39.
Rxa5 1/2-1/2